000 00837nam a2200277 a 4500
001 62700
003 BD-RjUL
005 20211209081120.0
008 170125s1985 bg |||| |||| 001 0 eng d
035 _a(BD-RjUL)62827
040 _aBD-RjUL
_beng
_cBD-RjUL
041 _aeng
082 _223
_a398.2095492
_bFOL 1985
245 1 0 _aFolktales of Bangladesh /
_cedited by Abdul Hafiz ; translated by Khondakar Ashraf Hossain and Zakeria Shirazi.
250 _a1st ed.
260 _aDhaka :
_bBangla Academy,
_c1985.
300 _a75 p. ;
_c19 cm.
500 _aIncludes index.
650 _aTales
_zBangladesh.
_9186375
650 _aTales.
_9187186
650 _aBangladesh.
_9187187
700 _aHafiz, Abdul.
_9187188
700 _aHossain, Khondakar Ashraf.
_9187189
700 _aShirazi, Zakeria.
_9187190
942 _2ddc
_cBK
999 _c62700
_d62700